01379cam a22003374i 4500003000900000005001700009008004100026035002000067040003300087082001900120100002900139245005700168264003300225300003900258336002100297337002500318338002300343505055200366526001000918526001000928526001000938526001000948526000800958526000800966526000800974526000800982526000800990526000800998526000801006650002701014PE-LiUPU20250731172930.0 s1968 xxu gr 000 0 eng d a(Sirsi) a204391 aPE-LiUPUbspacPE-LiUPUerda04a291.2bK992211 aKuyper, Abraham,eautor.10aPrinciples of the sacred theology /cAbraham Kuyper. 1aMichigan :bMarshall,c1968. a487 páginas ;c20 centímetros. atext2rdacontent aunmediated2rdamedia avolume2rdacarrier2 aTheological encyclopedia -- The name encyclopedia -- The idea of encyclopedia -- The conception of encyclopedia -- The conception of theological encyclopedia -- The organism of science -- The conception of science -- Science impaired by sin -- The twofold develpment of science -- Division of science -- Theology in the organism of science -- The conception of theology -- The fundamental, regulative, and distinctive principle of theology, or principium theologiae -- The method of theology -- The organism of theology -- The history of theology. aSEG42 aSEG41 aSEG40 aSEG39 aP94 aP87 aP86 aP85 aP77 aP76 aP3504aTeologíaxPrincipios